Nanopores and Phase Characterization of Pakistani Shale / (Record no. 534339)

000 -LEADER
fixed length control field 00517nam a22001577a 4500
020 ## - INTERNATIONAL STANDARD BOOK NUMBER
Qualifying information Hard Cover.
082 ## - DEWEY DECIMAL CLASSIFICATION NUMBER
Classification number 620.44
100 ## - MAIN ENTRY--PERSONAL NAME
Personal name Alam, Syed Fakhar
245 ## - TITLE STATEMENT
Title Nanopores and Phase Characterization of Pakistani Shale /
Statement of responsibility, etc. Syed Fakhar Alam.
260 ## - PUBLICATION, DISTRIBUTION, ETC.
Place of publication, distribution, etc. Islamabad:
Name of publisher, distributor, etc. S3H -NUST,
Date of publication, distribution, etc. 2014.
300 ## - PHYSICAL DESCRIPTION
Extent 71 p. :
Other physical details ill. ;
Dimensions 30cm.
942 ## - ADDED ENTRY ELEMENTS (KOHA)
Source of classification or shelving scheme
Koha item type Thesis
650 ## - SUBJECT ADDED ENTRY--TOPICAL TERM
Topical term or geographic name entry element Material and Surface Engineering MS-Thesis.
700 ## - ADDED ENTRY--PERSONAL NAME
Personal name Dr. Muhammad Mujahid.
650 ## - SUBJECT ADDED ENTRY--TOPICAL TERM
-- 16443
700 ## - ADDED ENTRY--PERSONAL NAME
-- 19372
Holdings
Withdrawn status Lost status Source of classification or shelving scheme Damaged status Not for loan Permanent Location Current Location Shelving location Date acquired Total Checkouts Full call number Barcode Date last seen Price effective from Koha item type
          Central Library (CL) Central Library (CL) Thesis 02/16/2020   620.44 CL-T-5054 02/16/2020 02/16/2020 Thesis
          Central Library (CL) Central Library (CL) Thesis 02/27/2020   620.44 CL-T-5234 02/27/2020 02/27/2020 Thesis
© 2023 Central Library, National University of Sciences and Technology. All Rights Reserved.